[Event "Manila ol (Men)"]
[Site "Manila"]
[Date "1992.??.??"]
[Round "?"]
[White "Georgiev, Kiril"]
[Black "Psakhis, Lev"]
[Result "1/2-1/2"]
[WhiteElo "2605"]
[BlackElo "2605"]

1.d4 e6 2.c4 Nf6 3.Nf3 b6 4.g3 Ba6 5.b3 Bb4+ 6.Bd2 Be7 7.Nc3 O-O 8.Qc2 d5
9.cxd5 exd5 10.Bg2 Bb7 11.Ne5 Na6 12.O-O Qc8 13.Bg5 Rd8 14.Rfd1 h6 15.Be3 Qe6
16.Nd3  1/2-1/2

[Event "Manila ol (Men)"]
[Site "Manila"]
[Date "1992.??.??"]
[Round "?"]
[White "Psakhis, Lev"]
[Black "Zapata, Alonso"]
[Result "1-0"]
[WhiteElo "2605"]
[BlackElo "2515"]

1.d4 Nf6 2.c4 d6 3.Nc3 Nbd7 4.Nf3 c6 5.e4 e5 6.Be2 Be7 7.O-O O-O 8.Be3 a6
9.d5 cxd5 10.cxd5 b5 11.Nd2 Nxe4 12.Ncxe4 f5 13.a4 b4 14.a5 fxe4 15.Nxe4 Nf6
16.Nxf6+ Bxf6 17.Bb6 Qe7 18.Ra4 e4 19.Rxb4 Be5 20.g3 Bf5 21.Be3 Qf6 22.Qd2 Rfb8
23.Rb6 Bh3 24.Rb1 Qf7 25.b4 Rxb6 26.axb6 h5 27.Rc1 Rc8 28.Rc6 h4 29.Qc1 Rf8
30.Rc7 Qg6 31.Qe1 Qf6 32.b7 Bd4 33.Qc1 hxg3 34.hxg3 Kh7 35.Rc4 Bxe3 36.Qxe3 Qa1+
37.Rc1 Qe5 38.g4  1-0

[Event "Manila ol (Men)"]
[Site "Manila"]
[Date "1992.??.??"]
[Round "?"]
[White "Sax, Gyula"]
[Black "Psakhis, Lev"]
[Result "1/2-1/2"]
[WhiteElo "2600"]
[BlackElo "2605"]

1.e4 e6 2.d4 d5 3.Nc3 Nf6 4.Bg5 dxe4 5.Nxe4 Nbd7 6.Nf3 h6 7.Nxf6+ Nxf6 8.Bh4 c5
9.c3 cxd4 10.Nxd4 Be7 11.Bb5+ Bd7 12.Qb3 Bxb5 13.Qxb5+ Qd7 14.Qxd7+ Nxd7
15.Bxe7 Kxe7 16.O-O-O Rhc8 17.Rhe1  1/2-1/2

[Event "Alekhine op"]
[Site "Moscow"]
[Date "1992.??.??"]
[Round "?"]
[White "Psakhis, Lev"]
[Black "Epishin, Vladimir"]
[Result "1/2-1/2"]
[WhiteElo "2570"]
[BlackElo "2630"]

1.e4 e6 2.d4 d5 3.Nc3 dxe4 4.Nxe4 Bd7 5.Nf3 Bc6 6.Bd3 Nd7 7.O-O Ngf6 8.Ng3 Be7
9.b3 O-O 10.Bb2 b5 11.Ne5  1/2-1/2

[Event "Alekhine op"]
[Site "Moscow"]
[Date "1992.??.??"]
[Round "?"]
[White "Nenashev, Alexander"]
[Black "Psakhis, Lev"]
[Result "0-1"]
[WhiteElo "2510"]
[BlackElo "2570"]

1.d4 e6 2.c4 Nf6 3.Nc3 Bb4 4.e3 c5 5.Ne2 b6 6.a3 Ba5 7.Rb1 Na6 8.Ng3 Bb7
9.Bd2 O-O 10.Bd3 cxd4 11.exd4 Bxc3 12.bxc3 d5 13.cxd5 Qxd5 14.Qe2 Nb8 15.f3 Qa2
16.Ne4 Nxe4 17.fxe4 Ba6 18.O-O Bxd3 19.Qxd3 Qxa3 20.Qg3 f6 21.Bf4 e5 22.dxe5 Qc5+
23.Kh1 Nc6 24.e6 Ne5 25.h3 Rfe8 26.Bxe5 Qxe5 27.Qxe5 fxe5 28.c4 Rxe6 29.c5 bxc5
30.Rb7 Rf6 31.Rc1 Rf7 32.Rb5 Rc7 33.Ra5 c4 34.Rc3 Rb8 35.Ra4 Rd8 36.Raxc4 Rxc4
37.Rxc4 a5 38.Ra4 Ra8 39.Kg1 Kf7 40.Kf2 Ke6 41.Ke3 Kd6 42.Kd3 Kc5 43.Rc4+ Kb6
44.Rc3 Rd8+ 45.Kc2 Rd4 46.Rc8 Rxe4 47.Kd3 Ra4 48.Re8 e4+ 49.Kc3 Kc5 50.Re5+ Kd6
51.Rg5 g6 52.h4 e3 53.Kd3 Rxh4 54.Rxa5 Rg4 55.Ra2 Rg3 56.Ke4 h5 57.Kf4 h4
58.Ke4 Ke6 59.Rb2 Kf6 60.Kf4 g5+ 61.Ke4 Kg6 62.Ra2 Kh5 63.Kf5 Rg4  0-1

[Event "Alekhine op"]
[Site "Moscow"]
[Date "1992.??.??"]
[Round "?"]
[White "Xie Jun"]
[Black "Psakhis, Lev"]
[Result "0-1"]
[WhiteElo "2480"]
[BlackElo "2570"]

1.e4 e6 2.d4 d5 3.Nd2 c5 4.exd5 Qxd5 5.Ngf3 cxd4 6.Bc4 Qd6 7.O-O Nf6 8.Nb3 Nc6
9.Nbxd4 Nxd4 10.Nxd4 a6 11.c3 Qc7 12.Qe2 Bd6 13.h3 O-O 14.Bb3 b5 15.Bg5 Bb7
16.Rad1 Ne4 17.Bc1 Rae8 18.a4 b4 19.cxb4 Bxb4 20.Be3 Qa5 21.Nf3 Nf6 22.Bd4 Qh5
23.Bxf6 gxf6 24.Qc4 Bxf3 25.gxf3 Qxh3 26.Qg4+ Qxg4+ 27.fxg4 Rc8 28.Rd7 Rfd8
29.Rxd8+ Rxd8 30.Rd1 Rc8 31.Kg2 Rc5 32.Rd8+ Kg7 33.Rd7 Kf8 34.Bd1 a5 35.Be2 Kg7
36.Bd3 h5 37.gxh5 Rg5+ 38.Kf1 Rxh5 39.Rb7 f5 40.Bb5 Rh8 41.b3 Kf6 42.Rc7 Rd8
43.Rd7 Rc8 44.Bc4 Bc5 45.Bb5 Rh8 46.Rc7 Bb4 47.Rd7 Rh1+ 48.Ke2 Rb1 49.Rb7 Rb2+
50.Kf1 Rb1+ 51.Kg2 Rb2 52.Kf1 Bc5 53.Be2 f4 54.f3 Ke5 55.Rb5 Kd4 56.Rxa5 Rxb3
57.Rb5 Ra3 58.Bd1 Ra1 59.Ke2 Ra2+ 60.Kf1 e5 61.Bb3 Ra1+ 62.Ke2 f5 63.Be6 e4
64.Bxf5 Ra2+ 65.Kf1 e3 66.Be4 Kc4 67.Bd3+ Kxd3 68.Rxc5 Ra1+  0-1

[Event "Moscow rapid"]
[Site "Moscow"]
[Date "1992.??.??"]
[Round "?"]
[White "Nikolaev, Sergej"]
[Black "Psakhis, Lev"]
[Result "1/2-1/2"]
[WhiteElo "2370"]
[BlackElo "2570"]

1.d4 Nf6 2.c4 e6 3.Nf3 c5 4.d5 d6 5.Nc3 exd5 6.cxd5 g6 7.e4 a6 8.h3 b5 9.Bd3 Bg7
10.O-O c4 11.Bc2 O-O 12.Bf4 Bb7 13.Qd2 Re8 14.Rfe1 Qb6 15.b4 cxb3 16.axb3 Nbd7
17.Be3 Qc7 18.Bd4 Rac8 19.Rac1 Qa5 20.Bb1 Nc5 21.Qb2 b4 22.Na2 Nh5 23.Rc4 Bxd4
24.Rxd4 Qa3 25.Qxa3 bxa3 26.Re3 f5 27.exf5 Rxe3 28.fxe3 Nxb3 29.Rb4 Bxd5
30.fxg6 hxg6 31.Ra4 Kg7 32.Rxa3 Bxf3 33.Rxb3 Bd5 34.Rb6 Rc6 35.Rxc6 Bxc6
36.Nb4 Bb7 37.Kf2  1/2-1/2

[Event "Oostende op"]
[Site "Oostende"]
[Date "1992.??.??"]
[Round "3"]
[White "Psakhis, Lev"]
[Black "Timmerman, Gert J"]
[Result "1-0"]
[WhiteElo "2570"]
[BlackElo "2330"]

1.e4 e5 2.Nf3 Nc6 3.Bc4 Nf6 4.d3 Be7 5.O-O O-O 6.c3 d6 7.Bb3 Bg4 8.h3 Bh5
9.Re1 Nd7 10.Be3 Nc5 11.g4 Bg6 12.Bxc5 dxc5 13.Bd5 Bf6 14.Bxc6 bxc6 15.Na3 Re8
16.Nc4 h6 17.Kg2 Re6 18.Qe2 Qe8 19.Qe3 Be7 20.Nfxe5 Bg5 21.f4  1-0

[Event "Oostende op"]
[Site "Oostende"]
[Date "1992.??.??"]
[Round "8"]
[White "Eingorn, Vereslav S"]
[Black "Psakhis, Lev"]
[Result "1/2-1/2"]
[WhiteElo "2590"]
[BlackElo "2570"]

1.d4 e6 2.c4 Nf6 3.Nf3 b6 4.g3 Ba6 5.b3 Bb4+ 6.Bd2 Be7 7.Nc3 Bb7 8.Bg2 O-O
9.O-O Na6 10.Ne5 d5 11.Rc1 Qc8 12.Bg5 Rd8 13.e3 c5 14.cxd5 exd5 15.f4 Nc7
16.Bxf6 Bxf6 17.Na4 cxd4 18.exd4 Rf8 19.Re1 Qd8 20.Bh3 Nb5 21.Qd3 Nd6 22.Nc3 g6
23.Nd7 Re8 24.Nxf6+ Qxf6 25.Re5 Rad8 26.Bg2 Nf5 27.Nxd5 Bxd5 28.Bxd5 Qd6
29.Qe4 Re7 30.Re1 Rc7 31.Qd3 Kg7 32.Bc4 Qxd4+ 33.Qxd4 Nxd4 34.Kf2 b5 35.Bd3 a6
36.Bb1 Rdd7 37.R5e3  1/2-1/2

[Event "Oostende op"]
[Site "Oostende"]
[Date "1992.??.??"]
[Round "9"]
[White "Psakhis, Lev"]
[Black "Lutz, Christopher"]
[Result "1/2-1/2"]
[WhiteElo "2570"]
[BlackElo "2550"]

1.c4 c5 2.Nf3 Nc6 3.Nc3 Nd4 4.Ng1 e5 5.e3 Nc6 6.g3 g6 7.Bg2 Bg7 8.Nge2 d6
9.a3 Be6 10.Nd5 Nge7 11.Nec3 O-O 12.Rb1 Rb8 13.b4 cxb4 14.axb4 b5 15.Nxb5 Bxd5
16.cxd5 Rxb5 17.dxc6 d5 18.Qa4 Qb6 19.Ba3 Nxc6 20.O-O a6 21.Rfc1 Qb7 22.Bf1 Rb6
23.b5 axb5 24.Rxb5 Rxb5 25.Qxb5 Qxb5 26.Bxb5 Ra8 27.Bxc6 Rxa3 28.Bxd5 Ra7
29.Rc5 Rd7 30.f4 Bf8 31.Rb5 exf4 32.gxf4 Rc7 33.Kf2 Rc5 34.Rxc5 Bxc5 35.Kf3 Kf8
36.e4 Ke7 37.e5 f6 38.Ke4 Bg1 39.h4 fxe5 40.fxe5 Bf2 41.h5 gxh5 42.Bc4 Ba7
43.d4 h4 44.Bf1 h6 45.Bh3 Bb6 46.Kd5 Ba7  1/2-1/2

[Event "World op"]
[Site "Philadelphia"]
[Date "1992.??.??"]
[Round "3"]
[White "Remlinger, Larry"]
[Black "Psakhis, Lev"]
[Result "1/2-1/2"]
[WhiteElo "2340"]
[BlackElo "2605"]

1.d4 Nf6 2.c4 e6 3.Nc3 Bb4 4.Qc2 O-O 5.a3 Bxc3+ 6.Qxc3 d6 7.Bg5 Nbd7 8.e3 b6
9.Bd3 Bb7 10.f3 h6 11.Bh4 c5 12.dxc5 bxc5 13.Ne2 Qb6 14.O-O a5 15.Rad1 d5
16.h3 Bc6 17.Rd2 a4 18.Re1 Rfe8 19.Nf4 Qc7 20.Bg3 Qa7 21.cxd5 exd5 22.Bf5 Rac8
23.Red1 Ba8 24.Bxd7 Qxd7 25.Bh4 d4 26.exd4 Nd5 27.Nxd5 Qxd5 28.dxc5 Qxc5+
29.Qxc5 Rxc5 30.Rd8 Rc8 31.Rxe8+ Rxe8 32.Rd8  1/2-1/2

[Event "World op"]
[Site "Philadelphia"]
[Date "1992.??.??"]
[Round "7"]
[White "Orlov, Georgi"]
[Black "Psakhis, Lev"]
[Result "1/2-1/2"]
[WhiteElo "2500"]
[BlackElo "2605"]

1.d4 e6 2.Nf3 Nf6 3.Bg5 c5 4.c3 h6 5.Bxf6 Qxf6 6.e4 cxd4 7.cxd4 Bb4+ 8.Nc3 O-O
9.a3 Bxc3+ 10.bxc3 d6 11.Bd3 e5 12.h3 Nc6 13.Bc2 Ne7 14.g3 Nc6 15.Kf1 b6
16.Bb3 Na5 17.Bd5 Ba6+ 18.Kg2 Rac8 19.Qd2 Bc4 20.dxe5 dxe5 21.Rad1 Bxd5 22.Qxd5 Rc5
23.Qd6 Qxd6 24.Rxd6 Rxc3 25.Nxe5 Re8 26.f4 Nb7 27.Rd7 Nc5 28.Rxa7 Nxe4 29.Re1 Nxg3
30.Ng6 Rd8 31.Rd7 Ra8 32.Ra7 Rb8 33.Rb7 Rxb7 34.Re8+ Kh7 35.Nf8+  1/2-1/2

[Event "World op"]
[Site "Philadelphia"]
[Date "1992.??.??"]
[Round "9"]
[White "Rao, Vivek"]
[Black "Psakhis, Lev"]
[Result "1/2-1/2"]
[WhiteElo "2390"]
[BlackElo "2605"]

1.d4 Nf6 2.c4 e6 3.Nf3 c5 4.d5 d6 5.Nc3 exd5 6.cxd5 g6 7.e4 a6 8.a4 Bg4 9.h3 Bxf3
10.Qxf3 Bg7 11.Bd3 Nbd7 12.Qd1 O-O 13.O-O Rc8 14.Re1 c4 15.Bf1 Re8 16.Bf4 Ne5
17.Be3 Qa5 18.f4 Ned7 19.Bd4 Nh5 20.Bxg7 Kxg7 21.Qf3 Qc5+ 22.Kh1 b5 23.axb5 axb5
24.b4 cxb3 25.Nxb5 Qb4 26.Rab1 Nhf6 27.Qxb3 Qxb3 28.Rxb3 Rxe4 29.Rd1 Rxf4
30.Nxd6 Rc5 31.Rb5 Rxd5 32.Rbxd5 Nxd5 33.Rxd5 Rxf1+ 34.Kh2 Nf6 35.Rd2 h5
36.Re2 Nd5 37.Rd2 Nf4 38.g3 Ne6 39.Kg2 Ra1 40.Rf2 f5 41.Re2 Nd4 42.Rd2 Ra4
43.Nb7 Ne6 44.Re2 Ra6 45.Rd2 Kf6 46.Nd6 h4 47.gxh4 Ra4 48.Kg3 Ra3+ 49.Kh2 Nf4
50.Kg1 Rg3+ 51.Kh1 Rxh3+ 52.Rh2 Rd3 53.Rf2 Rxd6 54.Rxf4 Ke5 55.Rf3 Rd4 56.Rh3 Rg4
57.h5 gxh5 58.Rxh5 Ke4 59.Rh8 f4 60.Re8+ Kd3 61.Ra8 f3 62.Ra3+ Ke2 63.Ra2+ Ke3
64.Ra3+ Kf4 65.Ra2 Rg8 66.Rb2 Rd8 67.Kg1 Kg3 68.Rg2+ fxg2  1/2-1/2

[Event "Tel Aviv"]
[Site "Tel Aviv"]
[Date "1992.??.??"]
[Round "5"]
[White "Davies, Nigel R"]
[Black "Psakhis, Lev"]
[Result "1/2-1/2"]
[WhiteElo "2460"]
[BlackElo "2605"]

1.e4 c5 2.Nf3 d6 3.c3 Nf6 4.Be2 Nbd7 5.d3 g6 6.O-O Bg7 7.Re1 O-O 8.Bf1 b6
9.d4 Bb7 10.d5 Qc7 11.c4 e6 12.Nc3 a6 13.Bf4 exd5 14.exd5 Nh5 15.Be3 Rae8
16.Qd2 Ne5 17.Nxe5 Rxe5 18.g4 Nf6 19.h3 h5 20.f3 b5 21.g5 Nd7 22.f4 b4 23.Ne2 Re7
24.Bf2 f5 25.Ng3  1/2-1/2

[Event "Tel Aviv"]
[Site "Tel Aviv"]
[Date "1992.??.??"]
[Round "6"]
[White "Rechlis, Gad"]
[Black "Psakhis, Lev"]
[Result "1-0"]
[WhiteElo "2515"]
[BlackElo "2605"]

1.d4 Nf6 2.c4 e6 3.Nc3 Bb4 4.e3 c5 5.Ne2 b6 6.a3 Ba5 7.Rb1 Na6 8.Bd2 O-O
9.Ng3 Bb7 10.f3 cxd4 11.exd4 Bxc3 12.bxc3 d6 13.Bd3 Nb8 14.O-O Nbd7 15.f4 Qc7
16.f5 e5 17.Nh5 Rac8 18.d5 Rfe8 19.Be3 Qd8 20.Bg5 Kh8 21.Qe1 Qc7 22.Nxf6 gxf6
23.Be3 Rg8 24.Qh4 Rg7 25.Rf3 Rcg8 26.Kh1 Qd8 27.Rh3 Nf8 28.Bh6 Rg4 29.Qh5 Nd7
30.Qxf7 R8g7 31.Bxg7+ Rxg7 32.Qh5 Nc5 33.Bc2 Qg8 34.Qh4 Rg5 35.Re1 Qg7 36.Ree3 Rxg2
37.Reg3 Rxg3 38.Rxg3 Qf8 39.Rg6 b5 40.Rxf6 Qe7 41.Qh6  1-0

[Event "Beersheba"]
[Site "Beersheba"]
[Date "1993.??.??"]
[Round "1"]
[White "Kortschnoj, Viktor"]
[Black "Psakhis, Lev"]
[Result "0-1"]
[WhiteElo "2625"]
[BlackElo "2585"]

1.d4 Nf6 2.c4 e6 3.Nc3 Bb4 4.Qc2 O-O 5.Bg5 c5 6.a3 Bxc3+ 7.bxc3 h6 8.Bc1 d5
9.e3 b6 10.cxd5 Qxd5 11.Nf3 Bb7 12.c4 Qd6 13.Bb2 Nbd7 14.Be2 Rac8 15.Rd1 cxd4
16.Rxd4 Qe7 17.O-O e5 18.Rdd1 Qe6 19.Qb1 Ba6 20.Nd2 Nc5 21.Ba1 Rfe8 22.Nf3 Ncd7
23.Nd2 Bb7 24.Bd3 Qg4 25.f3 Qg5 26.Rfe1 Nc5 27.Bf1 Rcd8 28.Kh1 Bc6 29.Bc3 Nh5
30.Bb4 Ba4 31.Rc1 Qh4 32.Bxc5 bxc5 33.Qb2 Bc6 34.Rcd1 Ng3+ 35.Kg1 Nf5 36.Qc3 Re6
37.Be2 Qg5 38.Ne4 Bxe4 39.Rxd8+ Qxd8 40.fxe4 Nh4 41.Rd1 Qg5 42.g3 Ng6 43.Qd3 Re8
44.Kg2 Nf8 45.h4 Qg6 46.Kh3 Nh7 47.Bf3 Qe6+ 48.Kg2 Nf6 49.Rd2 h5 50.Qb3 Qe7
51.Qd3 Qc7 52.a4 Qa5 53.Qc2 Rb8 54.Rd6 Kf8 55.Kf2 Ke7 56.Rd1 g6 57.Kg2 Kf8
58.Rd6 Kg7 59.Rd1 Qb4 60.Rd2 Qa3 61.Kf2  0-1

[Event "Beersheba"]
[Site "Beersheba"]
[Date "1993.??.??"]
[Round "3"]
[White "Chernin, Alexander"]
[Black "Psakhis, Lev"]
[Result "1-0"]
[WhiteElo "2615"]
[BlackElo "2585"]

1.d4 e6 2.c4 Nf6 3.Nf3 b6 4.g3 Ba6 5.b3 Bb4+ 6.Bd2 Be7 7.Bg2 c6 8.Bc3 d5
9.Ne5 Nfd7 10.Nxd7 Nxd7 11.Nd2 O-O 12.O-O Rc8 13.e4 b5 14.Re1 bxc4 15.bxc4 dxc4
16.Qc2 Qc7 17.Bf1 e5 18.Nxc4 Bxc4 19.Bxc4 exd4 20.Bxd4 Ne5 21.Be2 Rfd8 22.Red1 c5
23.Rac1 Nc6 24.Be3 Rxd1+ 25.Rxd1 g6 26.Qa4 Bf8 27.Bc4 Nd4 28.Bxd4 cxd4 29.Bb3 Bc5
30.Rd3 Kg7 31.Rf3 Rf8 32.Qc4 Bb6 33.Qd5 f6 34.Kg2 Qe7 35.Qc6 h5 36.h4 Rd8
37.Bd5 Qd6 38.Qc2 Rd7 39.Qc8 Rd8 40.Qa6 f5 41.Bc4 Qc6 42.exf5 Rf8 43.Bd3 gxf5
44.Bb1 Rf7 45.Qe2 Bc7 46.Qd2 f4 47.Qxd4+ Rf6 48.Qd3 Kf8 49.Qh7 Be5 50.Qh8+  1-0

[Event "Beersheba"]
[Site "Beersheba"]
[Date "1993.??.??"]
[Round "4"]
[White "Psakhis, Lev"]
[Black "Skembris, Spyridon"]
[Result "1/2-1/2"]
[WhiteElo "2585"]
[BlackElo "2545"]

1.e4 e5 2.Bc4 Nf6 3.d3 Bc5 4.Nf3 d6 5.c3 Nc6 6.b4 Bb6 7.a4 a5 8.b5 Ne7 9.Nbd2 O-O
10.Ba2 Ng6 11.Nc4 Bc5 12.O-O Be6 13.d4 exd4 14.cxd4 Bb4 15.d5 Bg4 16.h3 Bxf3
17.Qxf3 Qe7 18.Bb1 h6 19.Bb2 Rfe8 20.Bxf6 Qxf6 21.Qxf6 gxf6 22.Bc2 Nf4 23.Rad1 Ne2+
24.Kh2 Nc3 25.Rd4 Bc5 26.Rd3  1/2-1/2

[Event "Beersheba"]
[Site "Beersheba"]
[Date "1993.??.??"]
[Round "5"]
[White "Gurevich, Dmitry"]
[Black "Psakhis, Lev"]
[Result "0-1"]
[WhiteElo "2575"]
[BlackElo "2585"]

1.d4 e6 2.c4 Nf6 3.g3 d5 4.Bg2 Bb4+ 5.Nd2 O-O 6.Nf3 b6 7.O-O Bb7 8.cxd5 exd5
9.Ne5 Re8 10.Ndc4 h6 11.a3 Bf8 12.b4 Ne4 13.Ne3 Nd7 14.Bb2 Bd6 15.f3 Nef6
16.f4 Ne4 17.Bxe4 dxe4 18.Qb3 Rf8 19.d5 b5 20.Nc6 Qe8 21.a4 bxa4 22.Rxa4 Nb6
23.Ra5 Nxd5 24.Rxd5 Bxc6 25.Rxd6 cxd6 26.Nf5 Ba4 27.Qa2 Qe6 28.Qxe6 fxe6
29.Nxd6 Rfd8 30.Be5 Rab8 31.Rb1 Rb6 32.Nc4 Rc6 33.Ne3 Rd2 34.Kf2 Bb5 35.Re1 Ra6
36.Nd1 Bxe2 37.Rxe2 Rxd1 38.g4 Ra3 39.Rc2 Rd2+ 40.Rxd2 e3+ 41.Ke2 exd2  0-1

[Event "Beersheba"]
[Site "Beersheba"]
[Date "1993.??.??"]
[Round "8"]
[White "Psakhis, Lev"]
[Black "Mikhalevski, Victor"]
[Result "1/2-1/2"]
[WhiteElo "2585"]
[BlackElo "2380"]

1.c4 e6 2.Nc3 d5 3.d4 Bb4 4.e3 Nf6 5.Nf3 O-O 6.Bd3 b6 7.O-O Bb7 8.cxd5 exd5
9.Ne5 Nbd7 10.f4 c5 11.Bd2 Ne4 12.Nxe4 dxe4 13.Bc4 Bxd2 14.Qxd2 Nxe5 15.fxe5 Bd5
16.b3 cxd4 17.exd4 f6 18.exf6 Bxc4 19.bxc4 Rxf6 20.d5 Qd6 21.Qd4 Rxf1+ 22.Rxf1 Re8
23.Qf2 Kh8 24.Qe3 Kg8 25.g3 h6 26.Rf2 Qe5 27.Kg2  1/2-1/2

[Event "Groningen op"]
[Site "Groningen"]
[Date "1993.??.??"]
[Round "1"]
[White "Visser, Yge"]
[Black "Psakhis, Lev"]
[Result "1/2-1/2"]
[WhiteElo "2335"]
[BlackElo "2585"]

1.e4 e6 2.d3 d5 3.Nd2 Nf6 4.Ngf3 Nc6 5.c3 a5 6.Be2 e5 7.O-O Be7 8.b3 O-O
9.Bb2 Re8 10.a3 Bf8 11.b4 axb4 12.axb4 Rxa1 13.Qxa1 b6 14.Bd1 Bb7 15.Bb3 Qd7
16.Re1 b5  1/2-1/2

[Event "Groningen op"]
[Site "Groningen"]
[Date "1993.??.??"]
[Round "2"]
[White "Psakhis, Lev"]
[Black "Kadimova, Ilaha"]
[Result "1-0"]
[WhiteElo "2585"]
[BlackElo "2335"]

1.c4 Nf6 2.Nc3 e6 3.d4 Bb4 4.e3 O-O 5.Bd3 c5 6.Ne2 cxd4 7.exd4 d5 8.cxd5 Nxd5
9.O-O Nc6 10.Bc2 Bd6 11.Ne4 Be7 12.a3 b6 13.Qd3 f5 14.N4c3 Bf6 15.Bb3 Nce7
16.Nf4 Nxf4 17.Bxf4 g5 18.Qg3 Ng6 19.Bd2 Kg7 20.Rad1 h6 21.Rfe1 Re8 22.Nb5 f4
23.Qf3 Ba6 24.Ba4 Qd7 25.Nc3 b5 26.Bc2 Qxd4 27.Bc1 Qb6 28.Rd7+ Be7 29.Bxg6 Kxg6
30.Rxe7  1-0

[Event "Groningen op"]
[Site "Groningen"]
[Date "1993.??.??"]
[Round "3"]
[White "Psakhis, Lev"]
[Black "Onoprienko, Vladimir"]
[Result "1-0"]
[WhiteElo "2585"]
[BlackElo "2290"]

1.c4 e5 2.g3 Nf6 3.Bg2 d5 4.cxd5 Nxd5 5.Nc3 Nb6 6.Nf3 Nc6 7.O-O Be7 8.a3 O-O
9.b4 a6 10.d3 Re8 11.Bb2 Bf8 12.Rc1 f5 13.e4 Kh8 14.Re1 f4 15.gxf4 exf4 16.Ne2 Bd6
17.Qc2 Bg4 18.d4 Bxf3 19.Bxf3 Qh4 20.e5 Bxe5 21.dxe5 Nxe5 22.Bxe5 Rxe5 23.Nd4 Qg5+
24.Kh1 c6 25.Rxe5 Qxe5 26.Nxc6 bxc6 27.Qxc6 Qb8 28.Qe6  1-0

[Event "Groningen op"]
[Site "Groningen"]
[Date "1993.??.??"]
[Round "6"]
[White "Frolov, Artur"]
[Black "Psakhis, Lev"]
[Result "1-0"]
[WhiteElo "2535"]
[BlackElo "2585"]

1.e4 e6 2.d4 d5 3.Nd2 c5 4.exd5 exd5 5.Ngf3 Nf6 6.Bb5+ Bd7 7.Bxd7+ Nbxd7
8.O-O Be7 9.dxc5 Nxc5 10.Nb3 Nce4 11.Nfd4 Qd7 12.Qf3 O-O 13.Qf5 Rfc8 14.Re1 Bf8
15.Qxd7 Nxd7 16.Bf4 Nb6 17.Re2 Na4 18.c3 Re8 19.Rae1 Nf6 20.Kf1 Rxe2 21.Rxe2 Re8
22.Bc1 Nc5 23.Rxe8 Nxe8 24.Ke2 Ne6 25.Nc2 Be7 26.Be3 a6 27.Na5 Nd6 28.Nb4 Bd8
29.Nb3 Nc4 30.Bc1 Nb6 31.Na5 Nc5 32.Be3 Nba4 33.Bxc5 Nxc5 34.Nb3 Na4 35.Nxd5 Kf8
36.Nb4 Nxb2 37.Nc5 a5 38.Nd5 b5 39.Nb7 Ke8 40.Ke3 Nd1+ 41.Kd4 Nxf2 42.Nd6+ Kf8
43.Nxb5 f6 44.c4 Ke8 45.c5 Kd7 46.Na7 Bc7 47.c6+ Kd8 48.Nb5 Bxh2 49.c7+ Bxc7
50.Nbxc7 Kd7 51.Na6 h5 52.Nc5+ Kc6 53.a4 Nd1 54.Ne6 Nb2 55.Nxg7 Nxa4 56.Nxh5 Nc5
57.Nhxf6 a4 58.Nb4+ Kb5 59.Nc2 Ne6+ 60.Ke5 Nf8 61.Kd5 Ng6 62.g4 Nf4+ 63.Ke5 Nh3
64.Nd5 Kc4 65.Nb6+ Kb5 66.Nxa4 Kxa4 67.Nd4 Kb4 68.Ne2 Kc5 69.Nf4 Nf2 70.g5 Kc6
71.Ke6 Kc7 72.g6 Ng4 73.g7 Nh6 74.Nd5+ Kd8 75.Ne7  1-0

[Event "Groningen op"]
[Site "Groningen"]
[Date "1993.??.??"]
[Round "8"]
[White "Douven, Rudy C"]
[Black "Psakhis, Lev"]
[Result "0-1"]
[WhiteElo "2405"]
[BlackElo "2585"]

1.d4 Nf6 2.c4 e6 3.Nf3 c5 4.d5 d6 5.Nc3 exd5 6.cxd5 g6 7.e4 a6 8.a4 Bg4 9.Qb3 Bxf3
10.Qxb7 Nbd7 11.gxf3 Bg7 12.Qc6 Qb8 13.Bxa6 O-O 14.Qb7 Ne5 15.Qxb8 Nxf3+
16.Kf1 Rfxb8 17.Be2 Nd4 18.Bd1 Nd7 19.h4 c4 20.Ra2 Nc5 21.Bf4 Ra6 22.h5 Nd3
23.Bg3 Nxb2 24.hxg6 hxg6 25.Kg2 Nd3 26.Ne2 Nb3 27.f3 Rc8 28.Kh3 Nbc5 29.Rh2 Nb4
30.Ra3 Bb2 31.Re3 Ncd3 32.Nf4 Nxf4+ 33.Bxf4 Bc1 34.Kg3 Nd3 35.Bg5 f6 36.Bxf6 Bxe3
37.Rh8+ Kf7 38.Rxc8 Kxf6 39.Rxc4 Bf4+ 40.Kg2 Ra8 41.Bc2 Ne1+  0-1

[Event "Herzliya"]
[Site "Herzliya"]
[Date "1993.??.??"]
[Round "3"]
[White "Psakhis, Lev"]
[Black "Afek, Yochanan"]
[Result "1/2-1/2"]
[WhiteElo "2585"]
[BlackElo "2430"]

1.c4 e5 2.Nc3 Bb4 3.Nd5 Be7 4.e3 Nf6 5.Nxe7 Qxe7 6.Ne2 O-O 7.Nc3 c6 8.d4 d6
9.Be2 Bf5 10.O-O Nbd7 11.g4 exd4 12.exd4 Bg6 13.f4 Be4 14.g5 Ne8 15.Nxe4 Qxe4
16.Re1 Qe7 17.Bd3 Qd8 18.f5 d5 19.cxd5 cxd5 20.f6 g6 21.Qg4 Nc7 22.Bd2 Re8
23.Qh3 Re6 24.Bb4 Nf8 25.Be7 Qd7 26.Rxe6 Qxe6 27.Qg3 Qb6 28.Bc5 Qxb2 29.Rb1 Qc3
30.Qxc7 Qxd3 31.Rxb7 Qd1+ 32.Kf2 Qd2+ 33.Kf3 Qd3+ 34.Kf2 Qf5+ 35.Ke1 Re8+
36.Be7 Qe4+ 37.Kd2 Ne6 38.Qd7 Qxd4+ 39.Kc2 Qc4+ 40.Kb2 Rc8 41.Bc5 Qe2+ 42.Kb1 Qf1+
43.Kb2 Qg2+ 44.Ka1 Qf1+ 45.Rb1 Qa6 46.Rb7 Qf1+ 47.Kb2 Qe2+ 48.Kb1 Qe4+ 49.Kb2 Qe5+
50.Kb1 Qf5+ 51.Kb2  1/2-1/2

[Event "Herzliya"]
[Site "Herzliya"]
[Date "1993.??.??"]
[Round "8"]
[White "Godes, Dmitry R"]
[Black "Psakhis, Lev"]
[Result "0-1"]
[WhiteElo "2430"]
[BlackElo "2585"]

1.Nf3 Nf6 2.g3 b6 3.Bg2 Bb7 4.O-O d5 5.d4 e6 6.Nbd2 Be7 7.c4 O-O 8.cxd5 exd5
9.Ne5 c5 10.b3 Na6 11.Bb2 Re8 12.Rc1 Rc8 13.dxc5 bxc5 14.Ndc4 Qc7 15.Ne3 d4
16.N3c4 Bxg2 17.Kxg2 Nb4 18.a3 Nbd5 19.Qd3 Bf8 20.e4 Nb6 21.f4 Nxc4 22.Rxc4 Qb7
23.Re1 Bd6 24.Nf3 Nxe4 25.Bxd4 Rcd8 26.Be5 f5 27.Rcxe4 fxe4 28.Qc4+ Qf7 29.Qxf7+ Kxf7
30.Rxe4 Bf8 31.Ra4 Rd7 32.b4 cxb4 33.axb4 Rb7 34.Bd4 Ra8 35.Ra6 Bxb4 36.Ng5+ Kg8
37.Ne6 g6 38.g4 Rd7 39.f5 gxf5 40.gxf5 Rd5 41.Nc7 Rxd4 42.Nxa8 Rd7 43.Kf3 Kf7
44.Ke4 Bd6 45.h3 h5 46.Kf3 Ke7 47.Rc6 Rb7 48.Ra6 Kd7 49.Ke4 h4 50.Kf3 Rb3+
51.Kg4 Ra3 52.Nb6+ axb6 53.Rxb6 Kc7 54.Rb1 Be7 55.Rf1 Rg3+ 56.Kh5 Bf6 57.Kh6 Kd7
58.Re1 Rg5 59.Re3 Rxf5 60.Kg6 Rf4 61.Kh5 Be7 62.Kg6 Rf1 63.Rd3+ Ke8 64.Rb3 Rf8
65.Rd3 Rg8+ 66.Kf5 Rg3 67.Ke4 Kf7 68.Rf3+ Ke6 69.Re3 Bc5 70.Rf3 Bb6 71.Kf4 Kd5
72.Rf1 Be3+ 73.Kf5 Rg5+ 74.Kf6 Ke4 75.Re1 Rg3  0-1

[Event "Herzliya"]
[Site "Herzliya"]
[Date "1993.??.??"]
[Round "10"]
[White "Gofshtein, Leonid D"]
[Black "Psakhis, Lev"]
[Result "0-1"]
[WhiteElo "2540"]
[BlackElo "2585"]

1.e4 e6 2.d4 d5 3.Nd2 c5 4.Ngf3 a6 5.dxc5 Bxc5 6.Bd3 Nc6 7.a3 Nf6 8.Qe2 Qc7
9.O-O Ba7 10.b4 Nd4 11.Nxd4 Bxd4 12.Rb1 O-O 13.c4 dxc4 14.Nxc4 e5 15.Be3 Rd8
16.Rbc1 Be6 17.Na5 Qb6 18.Bxd4 Rxd4 19.Qe3 Rad8 20.Rc3 h6 21.Bc2 R8d7 22.h3 Rc7
23.Re1 Nh5 24.Bb3 Rxc3 25.Qxc3 Nf4 26.Bxe6 Qxe6 27.Re3 b6 28.Nc6 Rd3 29.Qxe5 Rxe3
30.fxe3 Nxh3+ 31.gxh3 Qxc6 32.Kf2 Qe6 33.Qf5 g6 34.Qf4 g5 35.Qc7 b5 36.Qd8+ Kh7
37.Qd5 Kg6 38.Kg3 Qxd5 39.exd5 f5 40.Kf3 Kf6 41.e4 h5  0-1

[Event "Herzliya"]
[Site "Herzliya"]
[Date "1993.??.??"]
[Round "11"]
[White "Psakhis, Lev"]
[Black "Lev, Ronen"]
[Result "1-0"]
[WhiteElo "2585"]
[BlackElo "2465"]

1.c4 c5 2.Nf3 Nc6 3.Nc3 g6 4.e3 d6 5.d4 cxd4 6.exd4 Bg4 7.Be2 Bg7 8.d5 Bxf3
9.Bxf3 Nd4 10.Be4 Qd7 11.O-O Rc8 12.Be3 Nf5 13.Bxa7 Bxc3 14.bxc3 Nf6 15.Bd4 Nxd4
16.Qxd4 O-O 17.Bd3 Rc5 18.Rfb1 Ra8 19.h3 Qc7 20.f4 Rca5 21.Rb2 Nd7 22.Re1 Nc5
23.Bb1 Ra4 24.f5 Qd8 25.Rbe2 Nd7 26.fxg6 hxg6 27.Bxg6 fxg6 28.Rxe7 Ne5 29.R1xe5 dxe5
30.Qh4 Qb6+ 31.Kh2 Kf8 32.Rd7  1-0

[Event "Leeuwarden op"]
[Site "Leeuwarden"]
[Date "1993.??.??"]
[Round "1"]
[White "Psakhis, Lev"]
[Black "Scetinin, Alexander"]
[Result "1-0"]
[WhiteElo "2585"]
[BlackElo "2330"]

1.c4 e5 2.g3 Nf6 3.Bg2 d5 4.cxd5 Nxd5 5.Nc3 Be6 6.Nf3 Nc6 7.O-O Be7 8.d4 Nxc3
9.bxc3 e4 10.Nd2 f5 11.Rb1 Rb8 12.Qa4 O-O 13.f3 exf3 14.Bxf3 Bd5 15.Bxd5+ Qxd5
16.Rb5 Qd7 17.Qb3+ Kh8 18.Qd5 Qxd5 19.Rxd5 g6 20.e4 fxe4 21.Nxe4 Rxf1+ 22.Kxf1 Rd8
23.Rxd8+ Nxd8 24.d5 Nf7 25.Bf4 Bd6 26.Be3 b6 27.Ke2 Kg7 28.c4 Kf8 29.c5 bxc5
30.Nxc5 Ke7 31.Na6 Kd7 32.Bxa7 c6 33.dxc6+ Kxc6 34.Bb8 Ba3 35.Bf4 g5 36.Bd2 h5
37.Nb4+ Kc5 38.Nc2 Bb2 39.Kd3 Kd5 40.Ne3+ Ke6 41.a4 Be5 42.Nc4 Bb8 43.Ke4 h4
44.gxh4 gxh4 45.Bf4 Ba7 46.a5 Kd7 47.Kd5 h3 48.a6 Bg1 49.Nd2 Kc8 50.Ne4 Ba7
51.Bg3 Bb8 52.Nc5 Ng5 53.Kc6 Ba7 54.Nd7 Ne6 55.Nb6+  1-0

[Event "Leeuwarden op"]
[Site "Leeuwarden"]
[Date "1993.??.??"]
[Round "3"]
[White "Psakhis, Lev"]
[Black "Davies, Nigel R"]
[Result "1-0"]
[WhiteElo "2585"]
[BlackElo "2505"]

1.e4 e5 2.Nf3 Nc6 3.Bb5 a6 4.Ba4 Nf6 5.O-O d6 6.Bxc6+ bxc6 7.d4 Bg4 8.dxe5 Nxe4
9.Qd3 Nc5 10.Qc3 Qd7 11.Re1 Bxf3 12.exd6+ Ne6 13.Qxf3 Bxd6 14.Nd2 O-O 15.Nc4 Bc5
16.Be3 Qd5 17.Qe2 Bxe3 18.Nxe3 Qb5 19.c3 Rad8 20.g3 Nc5 21.Nf5 Nd3 22.Nd4 Rxd4
23.cxd4 Nxe1 24.Rxe1 g6 25.b3 Rd8 26.Qe7 Rxd4 27.Qf6  1-0